| 000 | 01347nam a2200349 i 4500 | ||
|---|---|---|---|
| 003 | DO-SdBNP | ||
| 005 | 20260427141347.0 | ||
| 007 | ta | ||
| 008 | 260427b2015 dr ||||| |||| 00| 0 spa d | ||
| 020 | _a9789945586466 | ||
| 040 |
_aDO-SdBNP _bspa _cBNPHU _erda |
||
| 041 | _aspa | ||
| 082 | 4 |
_a972.93 _bC422o _222 |
|
| 100 | 1 |
_aCordero Michel, Emilio, _d1929-2018 _eautor _4aut. _944029 |
|
| 245 | 1 | 0 |
_aObras escogidas : _bensayos I / _cEmilio Cordero Michel ; cuidado de edición Janley Rivera Mejías ; corrección, Ibis Acosta Medina |
| 250 | _aPrimera edición | ||
| 264 | 4 |
_aSanto Domingo, República Dominicana : _bArchivo General de la Nación, _c©2015. |
|
| 300 |
_avolumenes ; _c23 cm. |
||
| 336 |
_atexto _btxt _2rdacontent |
||
| 337 |
_asin mediación _bn _2rdamedia |
||
| 338 |
_avolumen _bnc _2rdacarrier |
||
| 490 | 1 |
_aArchivo General de la Nación _v254 |
|
| 500 | _aIncluye datos biográficos del autor en las solapas | ||
| 500 | _aIncluye referencias bibliográficas y notas al pie de las páginas | ||
| 505 | 2 |
_av.1-- _tEnsayos 1 -- |
|
| 590 | _aInventariado, 2022/BT | ||
| 651 | 4 |
_aRepública Dominicana _xHistoria _9170 |
|
| 700 | 1 |
_aRivera Mejía, Janley, _eeditor _4ed. _9172 |
|
| 700 | 1 |
_aAcosta Medina, Ibis, _ecorrector _4corr. _989416 |
|
| 910 | _aBtavárez/Validado. Control de calidad MFF | ||
| 942 |
_2ddc _cLBS1 |
||
| 999 |
_c60625 _d60625 |
||